[Event "Portoroz Nat Festival 30th"]
[Site "Portoroz"]
[Date "2020.09.05"]
[Round "4"]
[White "Drevensek, Gasper"]
[Black "Skuhala, Barbara"]
[Result "0-1"]
[WhiteElo "1467"]
[BlackElo "2089"]
[PlyCount "68"]
[EventDate "2020.09.03"]
[EventType "swiss"]
[EventRounds "9"]
[EventCountry "SLO"]
[SourceTitle "CBM 198 Extra"]
[Source "ChessBase"]
[SourceDate "2020.11.30"]
[SourceVersion "1"]
[SourceVersionDate "2020.11.30"]
[SourceQuality "1"]

1. e4 c5 2. Nf3 d6 3. d4 cxd4 4. Qxd4 a6 5. c4 Nc6 6. Qd1 g6 7. Nc3 Bg7 8. Bd2 Nf6 9. Bd3 0-0 10. 0-0 Nd7 11. a3 Nc5 12. Bc2 a5 13. Rb1 e5 14. Be3 Ne6 15. Qd2 Re8 16. Rfd1 Ned4 17. Bxd4 exd4 18. Nb5 Bg4 19. Qf4 Bxf3 20. Qxf3 Qe7 21. Re1 Rac8 22. b3 b6 23. Rbd1 Qd7 24. Qf4 Re6 25. h3 Rce8 26. Bd3 Qe7 27. Re2 h5 28. Rde1 g5 29. Qd2 g4 30. h4 Qxh4 31. Nc7 Ne5 32. Nxe6 Rxe6 33. f3 g3 34. Rf2 gxf2+ 0-1

[Event "Maribor Pirc Memorial U16 23rd"]
[Site "Maribor"]
[Date "2020.08.15"]
[Round "7"]
[White "Javornik, Lina"]
[Black "Drevensek, Gasper"]
[Result "0-1"]
[WhiteElo "1330"]
[BlackElo "1432"]
[PlyCount "62"]
[EventDate "2020.08.12"]
[EventType "tourn"]
[EventRounds "9"]
[EventCountry "SLO"]
[SourceTitle "EXT 2021"]
[Source "ChessBase"]
[SourceDate "2020.10.23"]
[SourceVersion "1"]
[SourceVersionDate "2020.10.23"]
[SourceQuality "1"]

1. e4 c5 2. c3 d5 3. exd5 Qxd5 4. d4 Nc6 5. Nf3 Nf6 6. Be3 cxd4 7. cxd4 Bg4 8. Nc3 Qd6 9. Be2 e6 10. a3 Be7 11. 0-0 0-0 12. h3 Bh5 13. Qd2 Rfd8 14. Rad1 a6 15. Rfe1 Bg6 16. Kh1 Rac8 17. Nh4 Ne4 18. Nxe4 Bxe4 19. Nf3 Bf6 20. Bf4 Qd7 21. Be3 Ne7 22. Bd3 Bxf3 23. gxf3 e5 24. dxe5 Qxh3+ 25. Kg1 Bxe5 26. f4 Bf6 27. Bxh7+ Kxh7 28. Qxd8 Rxd8 29. Rxd8 Nf5 30. Rd7 Nxe3 31. Rxe3 Qxd7 0-1

[Event "Maribor Pirc Memorial U16 23rd"]
[Site "Maribor"]
[Date "2020.08.14"]
[Round "6"]
[White "Drevensek, Gasper"]
[Black "Kodric, Gasper"]
[Result "1/2-1/2"]
[WhiteElo "1432"]
[BlackElo "1581"]
[PlyCount "135"]
[EventDate "2020.08.12"]
[EventType "tourn"]
[EventRounds "9"]
[EventCountry "SLO"]
[SourceTitle "EXT 2021"]
[Source "ChessBase"]
[SourceDate "2020.10.23"]
[SourceVersion "1"]
[SourceVersionDate "2020.10.23"]
[SourceQuality "1"]

1. e4 c6 2. d4 d5 3. e5 c5 4. dxc5 e6 5. Be3 Nd7 6. Bb5 Ne7 7. c3 a6 8. Bxd7+ Bxd7 9. b4 Nf5 10. Bd4 Nxd4 11. cxd4 a5 12. Qb3 axb4 13. Qxb4 Ra4 14. Qd2 b6 15. Nc3 Ra3 16. cxb6 Qxb6 17. Nge2 Bb4 18. 0-0 Bb5 19. Qb2 Rxc3 20. Nxc3 Bxf1 21. Rxf1 Qxd4 22. Rb1 0-0 23. Qxb4 Qxe5 24. a4 d4 25. Nb5 d3 26. Rd1 Rc8 27. h3 h6 28. Qb3 d2 29. Qb1 Qe2 30. a5 Rb8 31. a6 Rxb5 32. Qa1 Ra5 33. Qxa5 Qxd1+ 34. Kh2 Qe1 35. Qd8+ Kh7 36. a7 Qe5+ 37. Kg1 Qa1+ 38. Kh2 d1Q 39. Qxd1 Qxd1 40. a8Q Qd6+ 41. Kg1 Qd5 42. Qf8 Qf5 43. Qd6 e5 44. Qd5 Kg6 45. Qd6+ Qe6 46. Qd3+ e4 47. Qg3+ Kh7 48. Qf4 g5 49. Qe3 Kg6 50. Qd4 f6 51. Qd8 e3 52. fxe3 Qxe3+ 53. Kh2 Qe5+ 54. Kh1 Qe6 55. Qd3+ f5 56. Kg1 h5 57. Kh1 h4 58. Qd2 Kh5 59. Qd1+ g4 60. hxg4+ fxg4 61. Qd2 Qf5 62. Qd1 Qe5 63. Qf1 Kg5 64. Qc1+ Kh5 65. Qf1 Qd5 66. Qe1 Kg5 67. Qe3+ Kf5 68. Qf2+ 1/2-1/2

[Event "SLO-ch U10"]
[Site "Ptuj"]
[Date "2017.03.02"]
[Round "7"]
[White "Drevensek, Gasper"]
[Black "Skrbec, Leon"]
[Result "0-1"]
[WhiteElo "1174"]
[BlackElo "1611"]
[PlyCount "122"]
[EventDate "2017.02.27"]
[EventType "swiss"]
[EventRounds "9"]
[EventCountry "SLO"]
[SourceTitle "CBM 177 Extra"]
[Source "ChessBase"]
[SourceDate "2017.04.27"]
[SourceVersion "1"]
[SourceVersionDate "2017.04.27"]
[SourceQuality "1"]

1. e4 c6 2. Nc3 g6 3. d4 Bg7 4. Nf3 d6 5. Bf4 Nd7 6. Be2 Ngf6 7. 0-0 0-0 8. Qd2 Qc7 9. Bh6 e5 10. Bxg7 Kxg7 11. dxe5 dxe5 12. Qg5 h6 13. Qg3 Nh5 14. Qh4 Nf4 15. Qe7 Ne6 16. Bc4 Re8 17. Qa3 Nb6 18. Qb3 Nd4 19. Nxd4 exd4 20. Ne2 Rxe4 21. Ng3 Re7 22. Be2 Be6 23. Qd3 Rd8 24. Bf3 Bc4 25. Qa3 Bxf1 26. Rxf1 Nc4 27. Qb4 Ne5 28. Rd1 Nxf3+ 29. gxf3 Qd6 30. Qd2 c5 31. Ne4 Qc6 32. c3 d3 33. Qe3 Qb5 34. Qxc5 Qxc5 35. Nxc5 b6 36. Na6 d2 37. Kf1 Kf6 38. Nb4 Re6 39. Nc2 Re5 40. Ne3 Ra5 41. a3 Rb5 42. Nc4 Ke6 43. Ke2 Rc8 44. Kd3 Rd5+ 45. Kc2 Rxc4 46. b3 Rh4 47. c4 Rd8 48. Rxd2 Rxd2+ 49. Kxd2 Rxh2 50. Ke3 h5 51. Ke2 Rh1 52. f4 h4 53. Kf3 Kf5 54. b4 Rg1 55. a4 h3 56. Ke3 h2 57. Ke2 h1Q 58. Ke3 Qe4+ 59. Kd2 Qxf4+ 60. Ke2 Qxc4+ 61. Kf3 Qd3# 0-1

[Event "SLO-ch U10"]
[Site "Ptuj"]
[Date "2017.02.28"]
[Round "4"]
[White "Drevensek, Gasper"]
[Black "Krasevec, Jan"]
[Result "1/2-1/2"]
[WhiteElo "1174"]
[BlackElo "1315"]
[PlyCount "108"]
[EventDate "2017.02.27"]
[EventType "swiss"]
[EventRounds "9"]
[EventCountry "SLO"]
[SourceTitle "CBM 177 Extra"]
[Source "ChessBase"]
[SourceDate "2017.04.27"]
[SourceVersion "1"]
[SourceVersionDate "2017.04.27"]
[SourceQuality "1"]

1. e4 c5 2. c3 d6 3. d4 cxd4 4. cxd4 Nf6 5. Nc3 Nc6 6. Bb5 Bd7 7. Nf3 a6 8. Ba4 b5 9. Bb3 b4 10. Ne2 Nxe4 11. Qd3 Nf6 12. Bg5 e6 13. 0-0 d5 14. Qe3 Be7 15. Bxf6 gxf6 16. Nf4 Na5 17. Bc2 Nc4 18. Qb3 Bb5 19. Rfe1 a5 20. a4 Ba6 21. Bd3 Rc8 22. Bxc4 Bxc4 23. Qe3 Kd7 24. b3 Ba6 25. Rac1 h5 26. Rxc8 Qxc8 27. Nxd5 Qc6 28. Nf4 Qc3 29. Rc1 Qxe3 30. fxe3 Bd6 31. Kf2 Bxf4 32. exf4 Rc8 33. Rxc8 Kxc8 34. Kg3 Bd3 35. Kh4 Bf1 36. g4 Be2 37. Kg3 hxg4 38. Kxg4 Bd1 39. h4 Bxb3 40. Nd2 Bxa4 41. h5 Bd1+ 42. Kh4 Bxh5 43. Kxh5 a4 44. Kg4 Kc7 45. Kf3 Kc6 46. Ke3 Kb5 47. Kd3 a3 48. Kc2 f5 49. Kb3 Ka5 50. Nc4+ Kb5 51. Ne5 f6 52. Nd7 Kc6 53. Nxf6 Kd6 54. Ne8+ Kd5 1/2-1/2

[Event "SLO-ch U10"]
[Site "Ptuj"]
[Date "2017.02.27"]
[Round "2"]
[White "Herega, Nejc"]
[Black "Drevensek, Gasper"]
[Result "1-0"]
[WhiteElo "1494"]
[BlackElo "1174"]
[PlyCount "47"]
[EventDate "2017.02.27"]
[EventType "swiss"]
[EventRounds "9"]
[EventCountry "SLO"]
[SourceTitle "CBM 177 Extra"]
[Source "ChessBase"]
[SourceDate "2017.04.27"]
[SourceVersion "1"]
[SourceVersionDate "2017.04.27"]
[SourceQuality "1"]

1. d4 e6 2. Bf4 Nf6 3. e3 c5 4. c3 d5 5. Nd2 Nc6 6. Bd3 c4 7. Bc2 Be7 8. h3 Qb6 9. Rb1 Bd7 10. Ngf3 0-0-0 11. 0-0 h6 12. b3 Qa6 13. bxc4 dxc4 14. Qe2 Qxa2 15. Nxc4 Na5 16. Nxa5 Qxa5 17. Ra1 Qb6 18. Rfb1 Qc6 19. Rxa7 Bd6 20. Bxd6 Qxd6 21. Rbxb7 Bc6 22. Qa6 Nd7 23. Rb6+ Bb7 24. Qxb7# 1-0